| 000 | 00941nam a2200289 i 4500 | ||
|---|---|---|---|
| 001 | 000017539 | ||
| 003 | DO-SdBNP | ||
| 005 | 20251013102128.0 | ||
| 007 | ta | ||
| 008 | 100326s1996 dr 000 0 spa d | ||
| 040 |
_aDO-SdBNP _bspa _cBNPHU _erda |
||
| 041 | _aspa | ||
| 049 | _aBNPD | ||
| 082 | 4 |
_axxx _bR426m _222 |
|
| 110 | 1 |
_aRepública Dominicana. _bOficina Nacional de Administración y Personal _926398 |
|
| 245 | 1 | 0 |
_aManual general de cargos civiles clasificados del Poder Ejecutivo / _cpresentación, Raymundo Amaro Guzmán. |
| 264 | 1 |
_aSanto Domingo : _bONAP, _c1996. |
|
| 300 |
_avolumenes ; _c22 cm. |
||
| 336 |
_atexto _btxt _2rdacontent |
||
| 337 |
_asin mediación _bn _2rdamedia |
||
| 338 |
_avolumen _bnc _2rdacarrier |
||
| 490 | 1 |
_aReforma del estado _v4 |
|
| 590 | _aInventariado, 2025/BT | ||
| 700 | 1 |
_aAmaro Guzmán, Raymundo, _epresentación _9656 |
|
| 830 | 0 |
_aReforma del estado _n4 _988691 |
|
| 942 |
_2ddc _cLBS1 |
||
| 999 |
_c17064 _d17064 |
||